000 00851na a2200253 4500
001 24057
003 MIRAKIL
005 20181213155327.0
008 180306b tu 000 0
020 _a9751600510
040 _aMilas
_btur
_cTR-AnCHP
041 _atur
082 _a956.92
_bA11l 1989
090 _a956.92 A11l 1989
100 _aAcar, İrfan C.
245 _aLübnan bunalımı ve Filistin sorunu
_cİrfan C. Acar
260 _aAnkara
_bAtatürk Kültür Dil ve Tarih Yüksek Kurumu
_c1989
_fTürk Tarih Kurumu Basımevi
300 _a155 s.
_bfotğ.
_c24 sm.
440 _aAtatürk Kültür Dil ve Tarih Yüksek Kurumu Türk Tarih Kurumu yayınları
_vxxıv. dizi- sa. 5
504 _aKaynakça ve dizin var.
650 _aOrtadoğu
_xİsrail- Arap ilişkileri
650 _aSiyaset ve yönetim
_zFilistin
942 _2ddc
_cBKS
999 _c10592
_d10592